000 00465nam a2200181Ia 4500
001 3688
005 20260306145702.0
008 260306t2014||||xx |||||||||||||| ||spa||
041 _aESP
082 _a302
_bG45
100 _aGil - Monte Pedro R.
_eAUT
245 0 _aManual de psicosociología:
_baplicada al trabajo y a la prevención de los riesgos laborales
260 _c2014
300 _a
_c
650 _aGEN
654 _aCPS
942 _cLIB
_dJUS
_fJUS
_2ddc
_n
999 _c3688
_d3688